Seriez vous capable de retrouver ces littéraires ? - Statistiques

Statistiques générales
  • Ce quiz a été pris 44 fois
  • Le résultat moyen est 19 sur 36
Statistiques - réponses
Par images Réponse % Correct
Victor Hugo
97%
Albert Camus
89%
Honoré de Balzac
89%
Moliere
89%
Voltaire
86%
Arthur Rimbaud
84%
Jean Paul Sartre
84%
Simone de Beauvoir
84%
Charles Beaudelaire
81%
Alexandre Dumas
78%
Jean-Jacques Rousseau
73%
Emile Zola
68%
George Sand
68%
Gustave Flaubert
65%
Jean de la Fontaine
65%
Colette
59%
Denis Diderot
59%
Guy de Maupassant
59%
Jean Racine
59%
Marcel Proust
59%
Pierre Corneille
59%
Stendhal
57%
Jules Verne
43%
Antoine de St-Exupéry
41%
Montesquieu
35%
Guillaume Apollinaire
32%
Jacques Prévert
32%
Paul Verlaine
32%
Madame de Sévigné
27%
Marcel Pagnol
11%
Marquis de Sade
11%
Paul Valery
11%
Théophile Gautier
11%
Alphonse Daudet
8%
Edmond Rostand
8%
Charles Perrault
0%
Aucun quiz correspondant
Distribution des résultats
% des personnes avec chaque résultat
Percentile par nombre de réponses
Votre historique - résultats
Vous n’avez pas pris ce quiz